Kluby piłkarskie Hesji i Turyngii - nagła śmierć - Statystyki

Ogólne statystyki
  • Ten quiz został rozwiązany 5 razy
  • Średni wynik to 5 z 9
Answers on the Grid
Answers color-coded by a green-red scale on the quiz's grid according to % correct below.
Eintracht Frankfurt
1. FSV Mainz 05
SV Darmstadt 98
Kickers Offenbach
VfL Osnabrück
Hannover 96
SV Wehen Wiesbaden
SV 07 Elversberg
KSV Hessen Kassel
FC Rot-Weiß Erfurt
Eintracht Brunszwik
FC Carl Zeiss Jena
SG Barockstadt Fulda-Lehnerz
Rot-Weiss Essen
FSV Frankfurt
 
Statystyki odpowiedzi
Odpowiedź % Poprawnych
SV Darmstadt 98
80%
Eintracht Frankfurt
60%
FC Carl Zeiss Jena
60%
FC Rot-Weiß Erfurt
60%
FSV Frankfurt
60%
KSV Hessen Kassel
60%
Kickers Offenbach
40%
SV Wehen Wiesbaden
40%
SG Barockstadt Fulda-Lehnerz
20%
Nie znaleziono quizów pasujących do podanych kryteriów
Rozkład punktacji
Procent ludzi z każdym wynikiem
Percentyl według liczby udzielonych odpowiedzi
Twoja historia wyników
Nie rozwiązałeś tego quizu